000 01259cam a2200325 a 4500
999 _c129746
_d129746
001 1672918
003 ARRUPE
005 20190827101225.0
008 981015s1998 nyua b 000 0 eng
010 _a 98048634
020 _a1891620274 (pbk.)
040 _aDLC
_cDLC
_dDLC
050 0 0 _aHB3722
_b.S67 1998
082 0 0 _a332/.042
_221
100 1 _aSoros, George.
_947906
245 1 4 _aThe crisis of global capitalism :
_bopen society endangered /
_cGeorge Soros.
260 _aNew York :
_bPublicAffairs,
_cc1998.
300 _axxx, 245 p. :
_bill. ;
_c24 cm.
500 _aIncludes errata slip.
504 _aIncludes bibliographical references.
650 0 _aFinancial crises.
_947923
650 0 _aCapitalism.
_93
650 0 _aInternational finance.
_918267
650 0 _aEconomic history
_y1990-
_92491
856 4 2 _3Contributor biographical information
_uhttp://www.loc.gov/catdir/enhancements/fy0828/98048634-b.html
856 4 2 _3Publisher description
_uhttp://www.loc.gov/catdir/enhancements/fy0828/98048634-d.html
906 _a7
_bcbc
_corignew
_d1
_eocip
_f19
_gy-gencatlg
942 _2lcc
_cMONOGRAPH